000 01092nam a2200289 i 4500
001 190800
003 ES-MaACL
005 20250813112039.0
008 220713s2020 sp a 001 0 spa
020 _a978-84-414-4010-4
080 _a791.222(091)
100 1 _aFernández López, José Manuel.
_9174846
245 1 0 _aCon las botas puestas :
_bla historia del soldado a través del cine /
_cJosé Manuel Fernández López.
250 _a1ª ed.
260 _aMadrid :
_bEdaf,
_c2020.
300 _a390 p. :
_bil. col. y n. ;
_c24 cm.
490 1 _aClío crónicas de la historia
504 _aBibliografía: p. 389-390.
650 7 _aCine bélico
_2embne
_9174859
650 4 _aCine-
_vObras ilustradas.
_9171109
830 1 _aClío crónicas de la historia
_9179748
852 4 _aES-MaACL
_9197983
_jA-13096
_dOlim: N-8023
_cDEPO1
_gDedicatoria autógrafa del autor
_hDonación: José Manuel Fernández López
903 _9174846
_aFernández López, José Manuel
_ednr
942 _2udc
_cMONOGRAFIA
999 _c190800
_d190800